• Davis, Natalie Zemon,

di Personal Name

Records bibliografici associati: 1

001 - CONTROL NUMBER

  • control field: 43029

003 - CONTROL NUMBER IDENTIFIER

  • control field: IT-RoINE

005 - DATE AND TIME OF LATEST TRANSACTION

  • control field: 20171214090802.0

008 - FIXED-LENGTH DATA ELEMENTS

  • fixed length control field: 171214|| aca||aabn | a|a d

040 ## - CATALOGING SOURCE

  • Original cataloging agency: IT-RoINE
  • Transcribing agency: IT-RoINE

100 ## - HEADING--PERSONAL NAME

  • Personal name: Davis, Natalie Zemon,
  • Dates associated with a name: 1928-

670 ## - SOURCE DATA FOUND

  • Source citation: Work cat.: (IT-RoINE)0: Davis, Natalie Zemon, 1928-, Les cultures du peuple :, 1979